| 000 | 01186nab a2200205 i 4500 | ||
|---|---|---|---|
| 001 | 768714001 | ||
| 003 | CO-MdFUSB | ||
| 005 | 20260313161124.0 | ||
| 008 | 220927s2014 ck ||||| |||| 00| 0 spa d | ||
| 040 |
_bspa _cCO-MdFUSB _dCO-MdFUSB |
||
| 041 | _aspa | ||
| 100 |
_aFernández Andrade, Rubén, _eautor |
||
| 245 | 3 |
_aLa participación política después de los acuerdos de cese al fuego _c/ Rubén Fernández Andrade |
|
| 300 |
_aNúmero 7, (2014), páginas 55 - 76 _c; 20 cm |
||
| 520 | _aLa paz no depende de la negociación. Un acuerdo de cese de la confrontación armada es un paso necesario cuya principal responsabilidad pesa sobre los hombros del Gobierno Nacional y la comandancia guerrillera, pero como ya se ha dicho, la paz es un problema de la sociedad, "se construye en los territorios", se amasa entre las organizaciones sociales en la institucionalidad regional y local. Y ahí si, una condición indispensable para una sociedad en paz es que tengamos buena política. | ||
| 650 | 7 |
_92645 _aPolítica |
|
| 773 | 0 |
_068214 _981330 _oR2116 _tAbriendo Horizontes _w(CO-MdFUSB)768714001 _x23573295 _gNúmero 7, (2014), páginas 55 - 76 |
|
| 942 | _cANA | ||
| 945 | _aJTF-925 | ||
| 999 |
_c68218 _d68218 |
||